=LDR 00000nam 2200000 4500 =001 INLIS000000000036423 =005 20200302102834 =035 ##$$a 0010-061300000036423 =008 200302################g##########0#ind## =041 ##$$a Ind =082 ##$$a 177.7 =090 ##$$a 177.7, Dal d =245 ##$$a Dalam kasih ibu : $b seperti kita dibesarkan, seperti itu kita membesarkan /$c Triani Retno A, dkk =260 ##$$a Jakarta :$b Kompas Gramedia,$c 2011 =300 ##$$a 90 hlm. ; $c 13 x 20 cm =650 #4$$a Kasih sayang =850 ##$$a NBPNMAT =020 ##$$a 978-979-22-7308-3 =084 ##$$a 177.7 DAL d =990 ##$$a 21109121 =990 ##$$a 21109120 =990 ##$$a 21109123 =990 ##$$a 21102992 =990 ##$$a 21102993